| 000 | 00868nam a2200289 a 4500 | ||
|---|---|---|---|
| 001 | 20046 | ||
| 003 | BD-RjUL | ||
| 005 | 20211209000520.0 | ||
| 008 | 140226s1960 enk 000 0 eng d | ||
| 035 | _a60-03319 | ||
| 035 |
_a(OCoLC)711954590 _a(BD-RjUL)20108 |
||
| 040 |
_aWSU _dBD-RjUL _beng _cBD-RjUL |
||
| 041 | _aeng | ||
| 082 |
_a807.6 _bPOL 1960 |
||
| 100 | 1 |
_aPope, Alexander, _d1688-1744. _955318 |
|
| 245 | 1 | 0 |
_aLetters of Alexander Pope / _cselected and with an introduction by John Butt |
| 260 |
_aLondon : _bOxford University Press, _c1960. |
||
| 300 |
_axxviii, 384 p. ; _c16 cm |
||
| 490 | 1 |
_aWorld's classics ; _v574 |
|
| 650 |
_aLiterature, English _961693 |
||
| 830 | 0 |
_v574 _961703 |
|
| 700 | 1 |
_aButt, John, _d1906-1965. _961695 |
|
| 830 | 0 |
_aWorld's classics ; _961704 |
|
| 942 |
_2ddc _cBK |
||
| 999 |
_c20046 _d20046 |
||